The warehouse / (Record no. 104340)

MARC details
000 -LEADER
fixed length control field 00511nam a22001817a 4500
005 - DATE AND TIME OF LATEST TRANSACTION
control field 20161206102805.0
010 ## - LCCN (DPL NO)
LC control number ENG-116334
020 ## - INTERNATIONAL STANDARD BOOK NUMBER
International Standard Book Number 9789351950578
Terms of availability 399.00
035 ## - SYSTEM CONTROL NUMBER
System control number EN-99866
037 ## - SOURCE OF ACQUISITION
Source of stock number/acquisition DBAD/PUB
082 ## - DEWEY DECIMAL CLASSIFICATION NUMBER
Classification number N
100 ## - MAIN ENTRY--PERSONAL NAME
Personal name Mausoof,S.S.
245 ## - TITLE STATEMENT
Title The warehouse /
Statement of responsibility, etc by S.S. Mausoof
260 ## - PUBLICATION, DISTRIBUTION, ETC. (IMPRINT)
Place of publication, distribution, etc Gurgaon
Name of publisher, distributor, etc Hachette Book Publishing
Date of publication, distribution, etc 2016
270 ## - ADDRESS
Address \4th/5th Floor, Corporete Center,Sector 44
City Gugaon
Postal code 122003
300 ## - PHYSICAL DESCRIPTION
Extent xiii,237p. :
Other physical details (map)
Dimensions 20cm(pbk)
942 ## - ADDED ENTRY ELEMENTS (KOHA)
Source of classification or shelving scheme Dewey Decimal Classification
Item type English Books
Classification part N
Call number suffix MAU
Holdings
Withdrawn status Lost status Not for loan Collection code Home library Current library Date acquired Source of acquisition Cost, normal purchase price Full call number Barcode Copy number Cost, replacement price Koha item type
      Fiction Narela Narela 27/10/2016 DBAD/PUB 399.00 N MAU EN-99866 1 399.00 English Books

© Delhi Public Library
Hit Counter
free hit counter